| 000 | 01040cam a22002054a 4500 | ||
|---|---|---|---|
| 005 | 20250605164021.0 | ||
| 008 | 250528s ||||||||||||||||||||||||d | ||
| 035 | _a16340 | ||
| 020 | _a520072383 | ||
| 040 |
_aGR-AtMCL _bgre _dGR-AtMCL _eAACR2 |
||
| 245 | 1 | _aThe Responsibility of Forms / Critical Essays on Music, Art, and Representation | |
| 260 |
_bUniversity Of California Press, _c1991 |
||
| 300 | _a312 | ||
| 505 | 0 | _aWriting the Visible, Image, Representation, Readings: Sign, Readings: Text, Readings: Gesture, Readings: Art, Body, Music's Body, Listening, Musica Practica, The Grain of the Voice, Music and Voice and Lanuage, The Romantic Song, Loving Schumann, Rasch. | |
| 520 | _aWriting the Visible, Image, Representation, Readings: Sign, Readings: Text, Readings: Gesture, Readings: Art, Body, Music's Body, Listening, Musica Practica, The Grain of the Voice, Music and Voice and Lanuage, The Romantic Song, Loving Schumann, Rasch. | ||
| 700 | 1 |
_aBarthes Roland _92427 |
|
| 942 | _cBK | ||
| 999 |
_c1851 _d1851 |
||